书目信息 |
| 题名: |
新型纺织酶制剂的发酵与应用
|
|
| 作者: | 陈坚 , 华兆哲 , 堵国成 著 | |
| 分册: | ||
| 出版信息: | 北京 化学工业出版社 2007 |
|
| 页数: | 340页 | |
| 开本: | 26cm | |
| 丛书名: | ||
| 单 册: | ||
| 中图分类: | TS103.84 | |
| 科图分类: | ||
| 主题词: | 纺织--酶制剂--发酵--研究 | |
| 电子资源: | ||
| ISBN: | 978-7-122-00791-9 | |
| 000 | 01156nam0 2200289 450 | |
| 001 | 012004181830 | |
| 005 | 20080225093619.64 | |
| 009 | 012004181830 | |
| 010 | @a978-7-122-00791-9@dCNY59.00 | |
| 035 | @a(110017)062007051335 | |
| 100 | @a20071024d2007 em y0chiy0110 ea | |
| 101 | 0 | @achi |
| 102 | @aCN@b110000 | |
| 105 | @aa z 000yy | |
| 106 | @ar | |
| 200 | 1 | @a新型纺织酶制剂的发酵与应用@Axin xing fang zhi mei zhi ji de fa jiao yu ying yong@dThe novel enzymes in tixtile industry fermentation and application@f陈坚, 华兆哲, 堵国成著@zeng |
| 210 | @a北京@c化学工业出版社@d2007 | |
| 215 | @a340页@c图@d26cm | |
| 330 | @a本书选择了五种在国际纺织行业中处于应用和研究热点的新型纺织酶制剂。包括主要用于棉织物的染整前处理的碱性果胶酶、过氧化酶、PVA降解酶,用于纤维改性和染整前处理的角质酶,用于羊毛织物处理的谷氨酰胺酶。 | |
| 510 | 1 | @aNovel enzymes in tixtile industry fermentation and application@zeng |
| 606 | 0 | @a纺织@x酶制剂@x发酵@x研究 |
| 690 | @aTS103.84@v4 | |
| 701 | 0 | @a陈坚@Achen jian@4著 |
| 701 | 0 | @a华兆哲@Ahua zhao zhe@4著 |
| 701 | 0 | @a堵国成@Adu guo cheng@4著 |
| 801 | 0 | @aCN@b110017@c20080225 |
| 905 | @dTS103.84@e11@f4 | |
| 新型纺织酶制剂的发酵与应用=The novel enzymes in tixtile industry fermentation and application/陈坚, 华兆哲, 堵国成著.-北京:化学工业出版社,2007 |
| 340页:图;26cm |
| ISBN 978-7-122-00791-9:CNY59.00 |
| 本书选择了五种在国际纺织行业中处于应用和研究热点的新型纺织酶制剂。包括主要用于棉织物的染整前处理的碱性果胶酶、过氧化酶、PVA降解酶,用于纤维改性和染整前处理的角质酶,用于羊毛织物处理的谷氨酰胺酶。 |
| ● |
| 相关链接 |
|
|
|
|
正题名:新型纺织酶制剂的发酵与应用
索取号:TS103.84/11
 
预约/预借
| 序号 | 登录号 | 条形码 | 馆藏地/架位号 | 状态 | 备注 |
| 1 | 0614429 | 206144297 | 第二样本阅览室/ [索取号:TS103.84/11] | 在馆 | |
| 2 | 0614430 | 206144304 | 第三借阅区/ [索取号:TS103.84/11] | 在馆 | |
| 3 | 0614431 | 206144313 | 第三借阅区/ [索取号:TS103.84/11] | 在馆 | |
| 4 | 0614432 | 206144322 | 第三借阅区/ [索取号:TS103.84/11] | 在馆 |